[Event "EU-ch 13th"]
[Site "Plovdiv"]
[Date "2012.03.31"]
[Round "11"]
[White "Pridorozhni, Aleksei"]
[Black "Melkumyan, Hrant"]
[Result "0-1"]
[WhiteElo "2524"]
[BlackElo "2628"]
[Annotator "Let's Check Training"]
[PlyCount "158"]
[EventDate "2012.03.20"]
[EventType "swiss"]
[EventRounds "11"]
[EventCountry "BUL"]
[SourceTitle "CBM 148"]
[Source "ChessBase"]
[SourceDate "2012.05.16"]
[SourceVersion "1"]
[SourceVersionDate "2012.05.16"]
[SourceQuality "1"]

1. e4 e5 2. Bc4 Nf6 3. d3 Nc6 4. Nf3 h6 5. c3 d6 6. Bb3 g6 7. Nbd2 Bg7 8. O-O
O-O 9. Re1 Re8 10. Nf1 Be6 11. Ng3 d5 12. Ba4 Nd7 13. b4 dxe4 14. dxe4 a5 15.
b5 Na7 16. Qe2 Nb6 17. Bb3 Qd7 18. Bxe6 Qxe6 19. Nf1 Nc4 20. N3d2 Nd6 21. a4
Nac8 22. c4 c5 23. Ne3 Ne7 24. Nd5 Nxd5 25. cxd5 Qd7 26. b6 Ra6 27. Ba3 Rc8 28.
Nb3 Rxb6 29. Nxc5 Qd8 30. Rec1 Bf8 31. Qe1 h5 32. h3 Bh6 33. Rc3 Rb4 34. Bxb4
axb4 {[%tqu "En","","","","c5b7","",10]} 35. Nxb7 $1 Nxb7 36. Rxc8 Qxc8 37.
Qxb4 Bf8 38. Qb2 Nc5 39. a5 Kh7 40. Qb1 h4 41. Qc1 Qa6 42. Qf1 Qa7 43. Qc4 Kg7
44. a6 Be7 45. Qc2 Bd6 46. Kh2 Be7 47. Ra2 Bd6 48. Qe2 Bb8 49. Qe3 Qb6 50. Qe2
Ba7 51. Qb2 $6 (51. Ra1 Qf6 52. f3 $16) 51... Qf6 $11 52. Qe2 Qf4+ 53. g3 Qf6
54. Kg2 hxg3 55. fxg3 Qb6 56. h4 Nd7 57. Qf3 Qg1+ 58. Kh3 Nf6 59. Rc2 Bc5 60.
Rd2 Qa1 61. Qd3 Qa4 62. Re2 Bd4 63. Re1 Qd7+ 64. Kg2 Qa4 65. Kh3 Bc5 66. g4 Qd7
67. Qf3 Nh5 68. Rd1 Nf4+ 69. Kg3 $6 (69. Kh2 g5 70. d6 $15) 69... Qa7 $6 (69...
Qa4 70. Rh1 Qxa6 $19) 70. Ra1 $17 Bd4 71. Rd1 Qxa6 72. g5 $2 (72. h5 f6 73.
hxg6 $17) 72... Qc8 $19 73. Rh1 Nh5+ 74. Kg2 Qc2+ 75. Kh3 Bf2 76. Rd1 Nf4+ 77.
Kh2 Bxh4+ 78. Kh1 Bg3 $1 79. Kg1 Ne2+ 0-1

[Event "Moscow Aeroflot op-A"]
[Site "Moscow"]
[Date "2005.02.23"]
[Round "9"]
[White "Ivanchuk, Vassily"]
[Black "Bacrot, Etienne"]
[Result "1/2-1/2"]
[WhiteElo "2711"]
[BlackElo "2715"]
[Annotator "Lukacs,P"]
[PlyCount "95"]
[EventDate "2005.02.15"]
[EventType "swiss"]
[EventRounds "9"]
[EventCountry "RUS"]
[SourceTitle "CBM 106"]
[Source "ChessBase"]
[SourceDate "2005.06.06"]
[SourceVersion "1"]
[SourceVersionDate "2005.06.06"]
[SourceQuality "1"]

1. e4 e5 2. Nf3 Nc6 3. Bc4 Nf6 4. d3 Be7 5. O-O O-O 6. Re1 d6 7. a4 Kh8 {
/\ Ng8, f5} 8. Nc3 (8. a5 a6 {otherwise a5-a6 is always hanging in the air.} 9.
Nc3 $5 (9. c3 Ng8 10. d4 {White has to react quickly in the [+].} (10. Qb3 f5
11. exf5 Rxf5 12. Nbd2 Nf6 13. Be6 Bxe6 14. Qxe6 Qd7 15. Qxd7 Nxd7 16. d4 exd4
17. Nxd4 Re5 $11 {Tkachiev-Fressinet, Cap d'Agde KO rapid 2002}) 10... f5 $1 {
This is Black's main weapon here.} (10... Bg4 {is not logical here, the pin is
not so important.} 11. d5 $1 (11. Be3 f5 {This Black's main threat in this
variation.} 12. exf5 exd4 13. cxd4 d5 14. Be2 Bxf5 15. Nc3 Nb4 16. Rc1 c6 17.
Qa4 Nd3 18. Bxd3 Bxd3 19. Bd2 Bd6 $11 {Degraeve-Ch Bauer, Antwerp 1998}) (11.
dxe5 Nxe5 12. Be2 Bxf3 13. Bxf3 Bg5 $11 {Vratonjic-Nestorovic, Nis 1994}) 11...
Nb8 12. Bd3 $1 {Macieja} (12. Nbd2 $6 {allows} Bg5 {activating the passive B.}
13. h3 (13. Qb3 $2 Bxf3 14. Nxf3 Bxc1 15. Raxc1 {The exchange of the
dark-squared B helped for Black.} Nd7 $1 16. Bf1 $11 (16. Qxb7 $2 Rb8 17. Qc6
Rxb2 $1 18. Qa4 Ngf6 19. Qa3 Qb8 $15 {Macieja-Johannessen, Bermuda-A 2002 84/
268})) (13. Bd3 Nd7 14. b4) 13... Bxf3 14. Nxf3 Bxc1 15. Rxc1 Nd7 16. b4 Ne7
$13 {Sermek-Mitkov, Pula zt 2000}) 12... Nd7 13. b4 $14 {and White grabs the
|^ on the <<, while Black's play on the >> looks rather slow.}) (10... exd4 {
Lukacs - Hossain-Ehlvest, Dhaka 1999 CBM 70}) (10... Bf6 {blocks the f P.} 11.
h3 g6 12. Be3 Bg7 13. Qb3 Qe7 14. Nbd2 Nd8 15. Qa2 Be6 16. b4 Bxc4 17. Nxc4 $14
{Kayumov-Coleman, ADCF Masters 2003}) 11. dxe5 fxe4 $1 (11... Nxe5 12. Nxe5
dxe5 13. Qxd8 Rxd8 14. exf5 Bxf5 15. Nd2 {and Black has problems with his
isolated P on e5.} Bf6 16. Nb3 (16. Ne4 $2 Bxe4 17. Rxe4 Rd1+ 18. Bf1 Bg5 $15)
(16. Nf3 Rd7 17. Ng5 h6 18. Be6 (18. Ne6) 18... Bxg5 19. Bxf5 Bxc1 20. Raxc1
$14) 16... Ne7 (16... Bd3 17. Bxd3 Rxd3 18. Nc5 Rd5 19. Be3 $16 {
Pyhala-Koskinen, FIN 1992}) 17. Nc5 Rab8 $14) 12. Rxe4 Bf5 13. Re1 Nxe5 14.
Nxe5 dxe5 $13 {Macieja-Bauer, Rethymnon 2003 CBM 098}) 9... Ng8 {/\ f5, which
is the main idea of this variation.} (9... Be6 10. Nd5) (9... Bg4 10. h3) 10.
Nd5 f5 11. c3 Nf6 (11... fxe4 12. dxe4 Bg4 13. Be2 Nf6 {was also interesting.})
(11... Bf6 12. b4 (12. exf5 Bxf5 $13) 12... f4 {Now Black has good attacking
chances on the >>, if White will not react immediately.} 13. d4 g5 $5 (13...
Bg4 {attacking >< d4 comes into consideration.} 14. Bb2 Bxf3 15. Qxf3 exd4 16.
cxd4 Nxd4 (16... Bxd4 17. Bxd4 Nxd4 18. Qc3 Nc6 19. Bxa6 Rxa6 20. b5 Rxa5 21.
Rxa5 Nxa5 22. Qxa5 c6 23. Qxd8 Rxd8 24. Nxf4 Nf6 $11) 17. Bxd4 Bxd4 18. Rac1 c6
19. Nc3 Qh4 $13) 14. dxe5 (14. Nxf6 Qxf6 15. dxe5 Nxe5 {- 14.dxe5}) 14... Nxe5
15. Nxf6 Qxf6 16. Nxe5 dxe5 {White has the ^^, but the position is fairly
closed, and he has to defend against an -> on the >>.} 17. Bb2 Ne7 18. Qh5 Bd7
19. Rad1 Rad8 20. Bb3 Qg6 21. Qxg6 Nxg6 $11 {Even the _|_ is playable for
Black, Bauer-Hauchard, France 2003 CBM 095.}) 12. Ng5 Ng4 13. Nxe7 Qxe7 {
The exchange of the passive dark-squared B is not dangerous for Black.} 14.
exf5 Bxf5 15. Qb3 (15. f3 Nf6 $13 {Degraeve-Karpatchev, Montpellier op 2003})
15... Nd8 $13) (8. c3 Bg4 (8... Ng8) 9. h3 Bh5 10. Nbd2 {- Erenburg-Ganguly,
Wch U20 2002 CBM 91ext}) 8... Bg4 $6 {This idea is not easy to combine with 7..
.Kh8.} (8... Ng8 {Black follows the original plan.} 9. Nd5 (9. a5 a6 {- 8.a5})
9... f5 10. Nxe7 Qxe7 11. Bg5 Qe8 12. exf5 Bxf5 13. Nd2 Qg6 14. Bh4 Nf6 $13 {
Landa-Fressinet, playchess.com INT 2004}) 9. h3 Bh5 (9... Bxf3 {The exchange
of the light-squared B favours White.} 10. Qxf3 Nd4 11. Qd1 c6 12. Ne2 {
Now the d4 N has to abandon his central position.} Ne6 13. Ng3 g6 14. c3 Qc7
15. Bh6 $14 {Barua-Mohota, Pune 2004}) 10. Be3 Qd7 11. Nd5 Na5 $2 {[%mdl 8192]}
(11... Nxd5 12. Bxd5 Nb4 $5 13. Bb3 (13. Bxb7 Rab8) 13... f5 14. Nxe5 (14. exf5
Qxf5) 14... Qe8 15. Nf3 fxe4 16. dxe4 d5 $1 (16... Rxf3 {is brave!} 17. gxf3
Qg6+ 18. Kh1 (18. Kh2 d5 $5) 18... d5 $5 $14) (16... Bxf3 17. gxf3 Bf6 18. c3
Nc6 $44) 17. exd5 Bxf3 18. gxf3 Qg6+ 19. Kh1 Qf5 $44 {and White's P formation
is rather shattered.}) 12. Nxe5 $1 {This is the tactical refutation!} Qd8 (
12... dxe5 $2 13. Nxf6 Bxf6 14. Qxh5 Nxc4 15. dxc4 $16 {with a healthy P up
for White.}) 13. Qd2 (13. Nf3 Nxc4 14. dxc4 Nxe4 15. Nf4 Bxf3 16. Qxf3 Ng5 17.
Qxb7 $16) 13... b6 14. b4 Nxc4 15. Nxc4 Nxd5 16. exd5 f5 17. Bd4 Bh4 $2 {
overlooking the next blow.} (17... Bf6 $1 18. Bxf6 Qxf6 $14) 18. Qh6 $1 Bxf2+
19. Kxf2 Qh4+ 20. Ke3 Qxd4+ 21. Kxd4 gxh6 22. Re7 {Black has got back the P,
but the _|_ is very bad for him.} Rf7 (22... Rac8 23. Rf1 $16) 23. Rxf7 Bxf7
24. a5 Rc8 25. axb6 axb6 {[%mdl 4096]} 26. Rf1 $2 ({The penetration to the
seventh rank by} 26. Ra7 $1 {was the logical follow up.} Kg7 27. Na3 {/\ Nb5,
c4} Kf6 (27... Be8 28. Ke3 {/\ Kf4 defending the whole >>.} Kf6 29. Kf4 Bd7 30.
Nc4 {/\ Nb6} Be8 31. Ne3 Bg6 32. c4 $16 {/\ d4,c5}) 28. c4 $1 {and White
improves his position slowly but surely.} (28. Nb5 {allows Black at least to
liquidate to a R _|_.} Bxd5 $1 29. Kxd5 c6+ 30. Kxd6 cxb5 31. Rxh7 (31. Rc7 Rg8
32. Kc6 Rxg2 33. Kxb5 f4 $132) 31... Rxc2 32. Rxh6+ Kg5 33. Rh8 Kf4 34. Rg8 $16
) 28... Be8 29. Ke3 Bd7 30. Kf4 $16 {/\ Nc2-e3,d4,c5}) 26... Bg6 27. Ne3 {
White fights on the wrong side of the board. His real advantage is on the <<.}
Rf8 28. g4 (28. Rf4 Kg7 29. g3 Kf6 30. h4 (30. g4 Kg5 $1) 30... h5 {/\ Ra8})
28... f4 29. Rf3 (29. Nf5 $6 Bxf5 (29... h5 $5) 30. Rxf4 Kg7 31. Rxf5 Re8 $14)
29... h5 $1 {Black grabs the slightest possibility to create counterplay.} 30.
g5 (30. Ng2 hxg4 31. hxg4 $14) 30... h4 31. Ng2 Kg8 32. c4 (32. Rxf4 Rxf4+ (
32... Re8 33. Nxh4) 33. Nxf4 Bf5 34. Kc4 Bd7 $14 {avoiding the penetration on
the <<.}) 32... Rf5 $1 33. Nxh4 (33. Rxf4 Rxg5 34. Nxh4 {- 33.Nxh4}) 33... Rxg5
34. Rxf4 Rg3 35. Nxg6 (35. Rf3 Rg1) 35... hxg6 {The R _|_ gives good drawing
chances as a rule.} 36. h4 (36. Rg4 Rxh3 (36... Rxg4+ $2 37. hxg4 Kf7 38. g5 (
38. Kc3 Kf6) 38... Ke7 39. Kc3 Kd7 40. Kb3 $18) 37. Rxg6+ Kf7 38. Re6 Rh4+ 39.
Re4 Rh1 40. c5 bxc5+ 41. bxc5 dxc5+ 42. Kxc5 Rc1+ 43. Kb5 Rc3 44. d4 Rc1 45.
Re6 (45. Re5 Kf6) 45... Rd1 $11) (36. Re4 Kf7 37. Re3 Rg2 $11) 36... g5 $1 37.
hxg5 Rxg5 {If the pawns are on one flank, the drawing chances are much bigger.}
38. Kc3 {/\ Kb3-a4} (38. c5 $5 bxc5+ 39. bxc5 dxc5+ (39... Rg1 40. c6 $1) 40.
Kxc5 Rg3 $1 41. Rd4 Rg6 42. Ra4 Kf8 43. Ra7 Ke8 44. Rxc7 Kd8 $11 {with a
theoretical draw.}) 38... Rg1 $1 39. Kb3 Ra1 $1 {otherwise the penetration
Ka4-b5-c6 decides.} 40. c5 bxc5 41. bxc5 Rb1+ 42. Kc2 Rb5 43. cxd6 cxd6 44. d4
Rxd5 45. Kd3 Rh5 46. Kc4 Kg7 47. d5 Rh1 48. Kd4 1/2-1/2

[Event "Corus-B"]
[Site "Wijk aan Zee"]
[Date "2004.01.18"]
[Round "7"]
[White "Tiviakov, Sergei"]
[Black "Fressinet, Laurent"]
[Result "0-1"]
[WhiteElo "2600"]
[BlackElo "2636"]
[Annotator "Lukacs,P"]
[PlyCount "114"]
[EventDate "2004.01.10"]
[EventType "tourn"]
[EventRounds "13"]
[EventCountry "NED"]
[EventCategory "13"]
[SourceTitle "CBM 099"]
[Source "ChessBase"]
[SourceDate "2004.03.30"]
[SourceVersion "1"]
[SourceVersionDate "2004.03.30"]
[SourceQuality "1"]

1. e4 e5 2. Bc4 Nf6 3. d3 Nc6 4. Nf3 Be7 5. O-O O-O 6. Bb3 d6 7. c3 d5 $5 {
This move looks rather paradoxal, but after c2-c3 this freeing move gains some
strength.White has no natural development by Nc3 and >< d3 may become weak in
some cases.} (7... Na5 8. Bc2 c5 {is the "Closed Ruy Lopez" solution.}) (7...
h6 {and}) (7... Bg4 {are the other alternatives without any extravaganza.}) 8.
Qe2 (8. exd5 Nxd5 9. Re1 (9. h3 {against Bg4, /\ Re1 >< e5.} Nb6 {clearing the
d <-> looks more to the point. At least Nd2-e4 cannot come so quickly.} (9...
Bf6 10. Nbd2 {The B can be hitted by Ne4.} Nf4 (10... Nce7 11. Ne4 Ng6 12. d4
exd4 13. Bxd5 Qxd5 14. Nxf6+ gxf6 15. Qxd4 $14 {and the doubled pawns yield
White a slight edge in the _|_, Kuczynski-Romanishin, Dresden DSV 1988.}) 11.
Ne4 Qxd3 12. Nxf6+ gxf6 13. Bxf4 Qxd1 14. Raxd1 exf4 15. Rfe1 {Black is a P up,
but look at those ugly pawns!} Bf5 16. Nd4 $14 {Nevednichy-Romanishin, Nis op
1996}) 10. Re1 Bf6 11. a4 a5 12. Be3 Bf5 13. Bxb6 cxb6 {Black's P structure is
again corrupted, but what a difference!} 14. Bc2 Qc7 15. Na3 Rad8 16. Qe2 Rfe8
$11 {Svetushkin-Kuzmin, Alushta 1999}) 9... Bg4 $142 (9... Bf6 10. Bc2 (10. Na3
{/\ Nc4 >< e5} Bg4 11. Nc4 Nb6 12. h3 Bh5 13. g4 Bg6 14. Ncxe5 Nxe5 15. Nxe5
Bxe5 16. Rxe5 Bxd3 17. Bg5 {White has the ^^, but his >> is weakened.} Qd6 18.
Re3 Qg6 19. Bf4 Bc4 20. Qf3 c6 $11 {Alekseev-Silivanov, RUS-Cup Togliatti 2001}
) 10... Bg4 (10... g6 11. Bh6 Re8 12. Nbd2 Bf5 13. Ne4 Bg7 14. Bxg7 Kxg7 15.
Ng3 Bg4 16. h3 Bxf3 17. Qxf3 Nb6 (17... Nf6 18. Ba4 $1 $16 {Yudasin-Romanishin,
SU-ch Simferopol 1988}) (17... f5 18. Bb3 $14) 18. Ne4 $14) 11. Nbd2 Re8 12.
Ne4 Bh5 (12... Rb8 $5 {against Ba4 and Nc5.}) 13. Bb3 b6 14. Ba4 $1 {This is
the hidden threat!} Re6 15. Ng3 Bxf3 16. Qxf3 {The light-squared B is really
missing in this type of position.} Na5 17. Bd2 $16 {Gavrikov-Kupreichik, SU-ch
otbor 1977}) 10. h3 Bh5 11. g4 Bg6 12. Nxe5 Nxe5 13. Rxe5 c6 {White has won
the e P, but the position resembles a bit to the Ruy Lopez Marshall Attack.}
14. Qf3 Bd6 15. Re1 f5 16. g5 f4 (16... Bf7 $5) 17. h4 Qd7 {1/2:1/2
Palekha-Varavin, Sudak 2002}) (8. Nbd2 dxe4 {If Black has to take on e4, then
it is better to do it right now.} (8... a6 {Once more against Ba4.} 9. Qe2 dxe4
10. dxe4 {After giving up the tension in the [+] Black has some problems on
the light squares.} Bg4 11. h3 Bh5 12. Rd1 Qc8 13. Nc4 (13. Nf1 Bg6 14. Ng3 Nh5
15. Nxh5 Bxh5 16. Bd5 Qe8 17. Re1 Bd6 18. Bxc6 Qxc6 19. Nxe5 Bxe2 20. Nxc6 Bd3
21. e5 Bc5 22. Be3 $14 {securing the extra P,Torre-Ivanchuk, Biel 1989.}) 13...
h6 14. Bc2 $14 {and the B on h5 is out of place, Kosten-Conquest, London 1989.}
) 9. dxe4 Bc5 (9... a6 10. Qe2 {- 8...a6}) 10. h3 (10. Qe2 {- 8.Qe2}) 10... Qe7
{This setup gives more chances for Black for equalization.} 11. Re1 (11. Nh4 g6
(11... Rd8 12. Qf3) 12. Qf3 Ne8 (12... Nh5 13. Nf5 $14 {Beshukov-Zarnicki,
Najdorf Festival op 1998}) 13. Qg3 Ng7 $13 {parrying the immediate threats.})
11... Be6 {Now both black bishops have reached their optimal positions.} 12.
Nf1 Rad8 13. Qc2 Nh5 {/\ Nf4} 14. Bg5 f6 15. Be3 Bb6 16. Bxb6 axb6 17. Ne3 Nf4
$132 {Zapolskis-Mikhalchishin, EU-chT 1999}) 8... dxe4 (8... d4 $143 {allows
the typical reaction} 9. Ba4 {again.} Bg4 10. Bxc6 (10. Nbd2 dxc3 11. bxc3 $14
{Kudrin-Kuzmin, Kusadasi op 1990}) 10... bxc6 11. h3 $14) 9. dxe4 Bc5 10. Bg5 {
White wants to use the pin provoking some weakening moves on the >>.} (10. Ba4
{is not so effective here.} Qe7 11. b4 Bd6 12. Nbd2 a5 13. b5 {weakening
irreversibily >< c5.} Nb8 14. Nc4 Nbd7 15. Ne3 Nc5 16. Bc2 c6 $11 {
Mencinger-Mikhalchishin, SLO-chT Bled 1998}) (10. Nbd2 Nh5 {/\ Nf4} 11. Nc4 Bg4
12. Be3 Bxe3 13. Qxe3 Qf6 14. Ne1 {The N is rather useless here.} Rad8 15. f3
Be6 16. g3 a5 17. a4 Rd7 18. Nd3 b6 $15 {Galliamova-Romanishin, GMA op Moscow
1989}) 10... h6 11. Bh4 Qe7 {/\ Be6} 12. Nbd2 (12. Bd5 $5 g5 13. Bg3 Nh5 14.
Nbd2 $14 {with some play on the weakened light squares.}) 12... a6 13. Nc4 Be6
(13... g5 14. Bg3 Nh5 15. Ne3 (15. Rad1 Nf4 16. Bxf4 gxf4) 15... Nxg3 16. hxg3
$14 {targeting >< d5 and f5.}) 14. Bc2 (14. Ne3 Bxe3 15. Qxe3 Bxb3 16. axb3 Qe6
$11 {and Black leaves the pin without any weakening move.}) 14... g5 15. Bg3
Bg4 (15... Nh5 16. Nfxe5 Nxg3 17. hxg3 Nxe5 18. Nxe5 Bxa2 19. Nc6 Qe6 20. Bd3
Qxc6 21. Rxa2 $14 {and the ^- may help White's |^ on the >>.}) 16. b4 (16. Ne3
$14) 16... b5 17. Ne3 Bxe3 18. Qxe3 Nh5 19. Bb3 Rad8 20. Bd5 Rd6 21. Qc5 Bxf3
22. Bxc6 {White allows Black to create some tactical counterchances on the >>.}
(22. gxf3 Nd8 $14) 22... Nf4 $1 {This is an original idea!} (22... Nxg3 23.
hxg3 Qf6) 23. gxf3 Qe6 $1 {/\ Qh3} 24. Bxf4 gxf4 $1 {opening up the g <->.} (
24... Rxc6 $2 {is out of question:} 25. Qxe5 gxf4 26. Qxf4 Kh7 27. Rac1 Qxa2
28. Kh1 $16) 25. Kh1 $2 ({The last chance to defend was} 25. Bxb5 $1 Qh3 $1 (
25... axb5 26. Rfd1 $1) 26. Qxd6 $1 {White sacrifices his Q, but the arising
position after} cxd6 27. Be2 Kh7 28. Kh1 {is a tough nut to crack.}) 25... Qh3
$1 {Now Black's -> is hard to parry.} (25... Rxc6 $4 26. Rg1+ $18) 26. Rg1+ Kh7
27. Rg2 (27. Bd7 Qxf3+ (27... Rxd7 $2 28. Qxf8 Qxf3+ 29. Rg2 Rd1+ $11 {leads
only to an immediate draw.}) 28. Rg2 {- 27.Rg2}) 27... Qxf3 ({or} 27... Rg8 28.
Rxg8 Kxg8 29. Rg1+ Kh7 $19) 28. Bd7 (28. Rag1 Rg8 $19) 28... Rg8 29. Bf5+ Kh8
30. Qxe5+ f6 31. Bg4 Qxg2+ $1 $19 {and the game is over.} 32. Kxg2 fxe5 33. Kh3
Rd3+ 34. f3 Rxc3 35. Rd1 Kg7 36. Kh4 Kf6 37. Kh5 Rg5+ 38. Kh4 Rc2 39. h3 Rxa2
40. Rc1 Ke7 41. Rxc7+ Kd6 42. Rh7 Rg6 43. Kh5 Rf6 44. Rd7+ Kc6 45. Rd5 a5 46.
bxa5 Rxa5 47. Rxe5 Ra8 48. Re7 b4 49. e5 Rff8 50. Kg6 b3 51. Bd7+ Kc5 52. Bf5
Ra6+ 53. e6 Rxf5 54. Kxf5 b2 55. Rb7 Rb6 56. Rxb6 Kxb6 57. e7 b1=Q+ 0-1